| 000 | 00538nam a22001817a 4500 | ||
|---|---|---|---|
| 003 | SEM | ||
| 999 |
_c69560 _d69560 |
||
| 005 | 20220608074411.0 | ||
| 008 | 190816b ||||| |||| 00| 0germd | ||
| 040 |
_aSEM _cSEM |
||
| 041 | _agerm. | ||
| 080 | _a947.925/K-20 | ||
| 100 | _aKapri Freiherrn M. | ||
| 245 |
_aZwei Vorträge über: Die historische und kulturelle Bedeutung des armenischen Volkes. / _bF. Kapri |
||
| 260 |
_aWien: _bMechitharisten Buchdruckerei, _c1913. |
||
| 300 |
_a70 S.; _bmap.; _c22 cm |
||
| 650 | _aArmenische Geschichte | ||
| 942 |
_2udc _cBK |
||